LEADER 01268nam--2200337---450- 001 990005889110203316 005 20130924131212.0 035 $a000588911 035 $aUSA01000588911 035 $a(ALEPH)000588911USA01 035 $a000588911 100 $a20130924d1918----km-y0itay50------ba 101 0 $aita 102 $aIT 105 $a||||||||001yy 200 1 $aQuantità e prezzi di equilibrio fra domanda ed offerta in condizioni di concorrenza, di monopolio e di sindacato tra imprenditori$econ particolari applicazioni all'industria del nitrato sodico dal 1. gennaio 1880 al 31 dicembre 1903$fAntonio Graziadei 210 $aRoma$cAthenaeum$d1918 215 $aXXI, 713 p.$d24 cm 606 0 $aDomanda [e] Offerta 676 $a330 700 1$aGRAZIADEI,$bAntonio$0119655 801 0$aIT$bsalbc$gISBD 912 $a990005889110203316 951 $aXV.2.B. 565$b4723 F.C.$cXV.2.B.$d00343029 959 $aBK 969 $aCUOMO 979 $aPALERMO$b90$c20130924$lUSA01$h1110 979 $aPALERMO$b90$c20130924$lUSA01$h1112 979 $aPALERMO$b90$c20130924$lUSA01$h1312 996 $aQuantità e prezzi di equilibrio fra domanda ed offerta in condizioni di concorrenza, di monopolio e di sindacato tra imprenditori$91074505 997 $aUNISA LEADER 01103nam 2200265 n 450 001 996395259003316 005 20200824132216.0 035 $a(CKB)3810000000013285 035 $a(EEBO)2248547710 035 $a(EXLCZ)993810000000013285 100 $a19851108d1672 uy 101 0 $alat 135 $aurbn||||a|bb| 200 10$aBrevissima institutio seu Ratio grammatices cognoscendae$b[electronic resource] $ead omnium puerorum utilitatem præscripta: quam solam regia majestas in omnibus scholis docendam præcipit. Additis subinde observationibus utilissimis, ex Despauterio, Alvari, Sanctio, Vossio, Busbeio, &, quotquot nuper scripsere grammaticis Latinis; quæ universam artem grammaticam exhauriunt 210 $aOxonii, $cE. Theatro Sheldoniano$dAn. Dom. M. DC. LXXII. [1672] 215 $a[2]+ p 700 $aLily$b William$f1468?-1522.$0841046 801 0$bCu-RivES 801 1$bCu-RivES 801 2$bCStRLIN 801 2$bCu-RivES 906 $aBOOK 912 $a996395259003316 996 $aBrevissima institutio seu Ratio grammatices cognoscendae$92313515 997 $aUNISA